<?xml version="1.0" encoding="UTF-8"?>
<collection xmlns:xsi="http://www.w3.org/2001/XMLSchema-instance" xsi:schemaLocation="http://www.loc.gov/MARC21/slim http://www.loc.gov/standards/marcxml/schema/MARC21slim.xsd" xmlns="http://www.loc.gov/MARC21/slim">
 <record>
  <leader>00000ctm a22000004a 4500</leader>
  <controlfield tag="001">UP-8027390931312570046</controlfield>
  <controlfield tag="003">Buklod</controlfield>
  <controlfield tag="005">20240307155141.0</controlfield>
  <controlfield tag="006">o--- |     ||   ||</controlfield>
  <controlfield tag="007">ta</controlfield>
  <controlfield tag="008">240307s2022    xx     d     r    |||| u|</controlfield>
  <datafield tag="035" ind1=" " ind2=" ">
   <subfield code="a">(iLib)UPCEB-00012909717</subfield>
  </datafield>
  <datafield tag="040" ind1=" " ind2=" ">
   <subfield code="a">UPC</subfield>
  </datafield>
  <datafield tag="041" ind1=" " ind2=" ">
   <subfield code="a">eng</subfield>
  </datafield>
  <datafield tag="090" ind1=" " ind2="0">
   <subfield code="a">LG 993 2022 B4</subfield>
   <subfield code="b">A43</subfield>
  </datafield>
  <datafield tag="100" ind1="1" ind2=" ">
   <subfield code="a">Alatraca, Sibyl Hanedzo D.</subfield>
   <subfield code="e">author.</subfield>
  </datafield>
  <datafield tag="245" ind1="1" ind2="0">
   <subfield code="a">Characterizing soundscapes from four reefs in the West Philippine Sea, Philippines</subfield>
   <subfield code="c">Sibyl Hanedzo D. Alatraca; Thesis adviser, Hazel O. Arceo.</subfield>
  </datafield>
  <datafield tag="264" ind1=" " ind2="1">
   <subfield code="c">2022.</subfield>
  </datafield>
  <datafield tag="264" ind1=" " ind2="1">
   <subfield code="a">Cebu City, Cebu</subfield>
   <subfield code="b">Department of Biology and Environmental Science, College of Science, University of the Philippines Cebu</subfield>
   <subfield code="c">c2022.</subfield>
  </datafield>
  <datafield tag="300" ind1=" " ind2=" ">
   <subfield code="a">ix, 51 leaves</subfield>
  </datafield>
  <datafield tag="500" ind1=" " ind2=" ">
   <subfield code="a">Thesis (Bachelor of Science in Biology). University of the Philippines Cebu. June 2022</subfield>
  </datafield>
  <datafield tag="506" ind1=" " ind2=" ">
   <subfield code="a">Not available to the general public.</subfield>
  </datafield>
  <datafield tag="506" ind1=" " ind2=" ">
   <subfield code="a">Available only after consultation with author/ research adviser.</subfield>
  </datafield>
  <datafield tag="506" ind1=" " ind2=" ">
   <subfield code="a">Available only to those bound by confidentiality agreement.</subfield>
  </datafield>
  <datafield tag="520" ind1=" " ind2=" ">
   <subfield code="a">Visual monitoring has been used for years to gain information and assess the health of coral reefs, but it is costly and time-consuming. Recently, researchers utilized underwater acoustics as an alternative. Despite these innovations, coral reef soundscapes have never been characterized in the Philippines. Moreover, because studies on coral reefs in the country are few and mostly limited nearshore, not much is known about offshore coral reefs. This study aimed to characterize soundscapes from four reefs in the West Philippine Sea (WPS), namely: Sabina and Ayungin Shoals, and Pagasa Island, which are offshore reefs, and Quezon in mainland Palawan. An autonomous underwater acoustic recorder was deployed at depths of up to 10 m over time periods ranging from 7:30 AM to 6:00 PM. Low and high-frequency (50-1500 Hz &amp; 2000-20000 Hz) spectrograms were constructed to visualize and investigate variations in the &lt;2-hr and 24-hr soundscape recordings. Acoustic complexity index (ACI) and acoustic entropy index (H) were used to evaluate the acoustic diversity between sites. The Soundscape Viewer was used to investigate diel patterns of 24-hr recordings. Results showed that snapping sounds were prevalent across all sites. Diel patterns in the two shoals showed (1) no variation in the soundscapes during daytime and that (2) biological sounds increased from dusk until dawn. The reef sites displayed similar patterns of acoustic diversity, except for Pagasa, which had the highest index values despite the presence of anthropogenic noise. Based on manual inspection, this is likely due to the variety of vocalizations rather than the effect of vessel noise. This study is the first to provide knowledge on coral reefs (especially offshore reefs) in the WPS using soundscape. This study can also serve as reference for future researchers and government initiatives in formulating conservation strategies to protect the coral reef ecosystems in the WPS.</subfield>
  </datafield>
  <datafield tag="700" ind1="0" ind2=" ">
   <subfield code="a">Arceo, Hazel O., Thesis adviser.</subfield>
  </datafield>
  <datafield tag="905" ind1=" " ind2=" ">
   <subfield code="a">UP</subfield>
  </datafield>
  <datafield tag="852" ind1="0" ind2=" ">
   <subfield code="a">UPCEB</subfield>
   <subfield code="b">CEBU-LAHUG</subfield>
   <subfield code="h">LG 993 2022 B4</subfield>
   <subfield code="i">A43</subfield>
  </datafield>
  <datafield tag="942" ind1=" " ind2=" ">
   <subfield code="a">Thesis</subfield>
  </datafield>
 </record>
</collection>
